| 000 | 03791 a2200241 4500 | ||
|---|---|---|---|
| 001 | 59355 | ||
| 005 | 20260407155847.0 | ||
| 008 | 260407a2008 arg spa d | ||
| 003 | AR-UNSa-BCEJYS | ||
| 040 |
_aAR-UNSa-BCEJYS _bspa _cAR-UNSa-BCEJYS |
||
| 080 |
_a342.9 _xDerecho Administrativo |
||
| 245 | 1 | 0 | _aDerecho administrativo |
| 020 | _a978-950-20-1891-1 | ||
| 250 | _a9a. ed. | ||
| 264 | 1 |
_aBuenos Aires : _bAbeledo Perrot _c2008 |
|
| 300 |
_a2 v.(613 ; 847 p.) _c22 cm. |
||
| 505 | _aVol. I: Título Primero: Introducción 1. El Estado en el orden constitucional y administrativo(realidad, normatividad y justicia) - 2. Las funciones estatales - 3. El contenido básico del derecho administrativo - 4. Relaciones del derecho administrativo - 5. Las fuentes del derecho administrativo -- Título Segundo: La organización del Estado y las empresas públicas 1. Órganos y sujetos estatales - 2. Principios jurídicos de la organización administrativa - 3. La administración central - 4. Entidades descentralizadas y empresas públicas - 5. Entidades autárquicas - 6. Los nuevos entes reguladores - 7. Las empresas del Estado - 8. Otras formas de intervención y participación estatal - 9. La administración de las provincias y municipios. El régimen de la Ciudad de Buenos Aires . Las regiones -- Título Tercero: Responsabilidad del Estado y de los agentes públicos 1. Teoria general de las responsabilidades del Estado - 2. La responsabilidad extracontractual del Estado en el campo del derecho administrativo - 3. Situaciones especiales que determinan la responsabilidad estatal - 4. La responsabilidad de los agentes públicos - 5. Las grandes líneas de la evolución de la responsabilidad patrimonial del Estado en la jurisprudencia de la Corte Suprema. -- Vol. II: Título Cuarto: La actuación estatal regulada por el derecho administrativo 1. Caracterización jurídica de la actuación de la administración pública y de la actividad de los órganos legislativo y judicial - 2. Las potestades y situaciones jurídicas subjetivas - 3. La teoría del acto administrativo - 4. Principales actos que emanan de la administración - 5. Las cuestiones políticas y el proceso de su judicialización. -- Título Quinto: El régimen jurídico del acto administrativo 1. Los elementos del acto administrativo - 2. El carácter reglado o discrecional del acto administrativo - 3. El sistema general de la invalidez administrativa - 4. Saneamiento o convalidación - 5. Caracteres del acto administrativo - 6. Extinción del acto administrativo. Título Sexto: La actividad interventora 1. Las prestaciones de la administración o de los particulares, regidas por el derecho administrativo - 2. La actividad interventora y su incidencia sobre los derechos privados - 3. Evolución de los principios aplicables a los servicios públicos a la luz de los marcos regulatorios y las contrataciones públicas - 4. La emergencia y su incidencia en los contratos que tienen por objeto la prestación de servicios públicos - 5. Las sanciones administrativas - 6. Las potestades ablatorias y su incidencia sobre los derechos reales de los particulares -- Título Sexto: Procedimientos y recursos administrativos 1. El procedimiento administrativo - 2. Principios fundamentales del procedimiento administrativo - 3. Las partes en el procedimiento administrativo - 4. Los plazos en el procedimiento administrativo - 5. Estructura del procedimiento administrativo - 6. El procedimiento de impugnación en particular (recursos, reclamaciones y denuncias). | ||
| 041 | _aspa | ||
| 942 | _cBK | ||
| 590 | _aniveau_biblio:m niveau_hierar:0 | ||
| 100 | 1 | _aCassagne, Juan Carlos | |
| 856 | 4 | 1 |
_uhttps://www.biblioeco.unsa.edu.ar/pmb/images/libros/L129064.jpg _yImagen de portada _qimage/jpeg |
| 999 |
_c6658 _d6658 |
||